[Event "OLNN 2122 Lübecker SV - Hamburger SK I"]
[Site "?"]
[Date "2022.05.29"]
[Round "5.5"]
[White "Holinka, Henning"]
[Black "Lampe, Dirk"]
[Result "1/2-1/2"]
[WhiteElo "2261"]
[BlackElo "2160"]
[PlyCount "64"]
[EventDate "2022.??.??"]

1. e4 c5 2. Nf3 g6 3. d4 cxd4 4. Nxd4 Nc6 5. c4 Bg7 6. Be3 Nf6 7. Nc3 d6 8. Be2
O-O 9. O-O Bd7 10. f3 Nxd4 11. Bxd4 a5 12. b3 Bc6 13. Qd2 Nd7 14. Be3 Nc5 15.
Rab1 e6 16. Rfc1 Be5 17. Bf1 Qe7 18. Rc2 f5 19. exf5 Rxf5 20. a3 Qh4 21. g3 Qf6
22. Nd5 exd5 23. cxd5 Rxf3 24. dxc6 Rxe3 25. Bc4+ Kg7 26. cxb7 Rb8 27. Rf1 Rf3
28. Rxf3 Qxf3 29. Bd5 Qg4 30. b4 Qd4+ 31. Qxd4 Bxd4+ 32. Kg2 Nxb7 1/2-1/2

[Event "OLNN 2122 Lübecker SV - Hamburger SK I"]
[Site "?"]
[Date "2022.05.29"]
[Round "5.8"]
[White "Thannheiser, Thomas"]
[Black "Kort, Felix"]
[Result "1-0"]
[WhiteElo "2193"]
[BlackElo "1894"]
[PlyCount "53"]
[EventDate "2022.??.??"]

1. Nf3 Nf6 2. d4 e6 3. c4 b6 4. a3 Bb7 5. Nc3 Be7 6. d5 O-O 7. e4 exd5 8. cxd5
Re8 9. Bd3 c5 10. O-O d6 11. h3 Ba6 12. Bf4 c4 13. Bc2 Nbd7 14. Nd4 Nc5 15. Rb1
Bf8 16. Bg5 h6 17. Nc6 Qd7 18. Bxf6 gxf6 19. Nd4 Kh8 20. f4 Rad8 21. Qh5 Nd3
22. Nf5 Kh7 23. Rf3 Qc7 24. Bxd3 cxd3 25. Qg4 Bc8 26. Rg3 Bxf5 27. Qg8# 1-0